Das programm der wirtschaft

Salvato in:
Dettagli Bibliografici
Autore principale: Pohle, Wolfgang
Natura: Libro
Lingua:Undetermined
Pubblicazione: Stuttgart Seewald Verlag 1970
Soggetti:
Tags: Aggiungi Tag
Nessun Tag, puoi essere il primo ad aggiungerne! !
Thư viện lưu trữ: Trung tâm Học liệu Trường Đại học Cần Thơ
LEADER 00505nam a2200193Ia 4500
001 CTU_80398
008 210402s9999 xx 000 0 und d
082 |a 338.9 
082 |b P748 
100 |a Pohle, Wolfgang 
245 0 |a Das programm der wirtschaft 
245 0 |c Wolfgang Pohle 
260 |a Stuttgart 
260 |b Seewald Verlag 
260 |c 1970 
650 |a Germany (west) 
650 |x Economic policy 
904 |i Trọng Hải 
980 |a Trung tâm Học liệu Trường Đại học Cần Thơ